000 01501nam a22003137a 4500
005 20080918163843.0
008 080918t xxu||||| |||| 00| 0 hin d
010 _aHIN-92702
020 _c200.00
_a9789380839066
035 _aHN-65048
037 _bDBAD / PUB
040 _aDPL
_bHN
082 _a989
100 _9747
_aशर्मा, श्यामसुंदर
245 _aअंटार्कटिक भविष्य का महाद्वीप /
_cश्यामसुंदर शर्मा
246 _aAtaktika Bavishaye ka Mahadweep
_bby Shyam Sunder Sharma
260 _aदिल्ली
_bएस. के. इंटरप्राइजेज
_c2010
270 _aसी-54, गणेश नगर कॉम्प्लैक्स
_bदिल्ली
_e110092
300 _a130पृ.
_c22सेमी (सजिल्द)
650 _9697
650 _9698
700 _927881
700 _927882
700 _927883
942 _2ddc
_cHN
_mशर्माश्या
_h989
999 _c52416
_d52416